000 00280nam a22001337a 4500
008 170401b xxu||||| |||| 00| 0 eng d
020 _a9780521387767
041 _aeng
080 _a574
100 _a9
101 _aSHM
245 _aCROP ECOLOGY
_cLOOMIS, R.S
942 _2udc
_cBK
999 _c9438
_d9438